000 01004nam a2200313 i 4500
001 000043473
003 DO-SdBNP
005 20250918113904.0
007 ta
008 140319s2013 dr a 000 p spa d
020 _a9789945009392
040 _aDO-SdBNP
_bspa
_cBNPHU
_erda
041 _aspa
082 _aRD861.5
_bE77m
_222
100 1 _aEspañol, Denisse
_d1975-
_eautor
_971164
245 1 0 _aMañana es ningún día. /
_cDenisse Español ; prólogo Ramón Saba.
264 _aSanto Domingo :
_bSantuario,
_c2013.
300 _a123 páginas :
_bilustraciones ;
_c23 cm.
336 _ardacontent
_btexto
_2txt
337 _ardamedia
_bsin mediación
_2n
338 _ardacarrier
_bvolumen
_2nc
500 _aIncluye datos biografícos en la solapa de la cubierta
590 _aInventariado, 2019 / DG
650 0 _aPoesía dominicana
_966
650 0 _aLiteratura dominicana.
_967
700 1 2 _aSaba, Ramón
_eprologo
_971165
910 _aValidado. Control de calidad MFF
942 _2ddc
_cLBS1
999 _c42962
_d42962